[Event "Chinese Chess League 2019"]
[Site "Shen Yang"]
[Date "2019.12.07"]
[Round "22.25"]
[White "Xiao, Yiyi"]
[Black "Javakhishvili, Lela"]
[Result "0-1"]
[WhiteElo "2316"]
[BlackElo "2457"]
[Annotator "ChessBase"]
[PlyCount "62"]
[EventDate "2019.04.09"]
[EventType "team-tourn"]
[EventCountry "CHN"]
[SourceTitle "playchess.com"]
[Source "ChessBase"]
[SourceQuality "1"]
[TimeControl "5400+30"]

1. d4 {[%emt 0:00:00]} Nf6 {[%emt 0:00:00]} 2. c4 {[%emt 0:00:00]} c5 {[%emt 0:00:00]} 3. d5 {[%emt 0:00:00]} b5 {[%emt 0:00:01]} 4. cxb5 {[%emt 0:00:00]} a6 {[%emt 0:00:03]} 5. b6 {[%emt 0:00:53]} d6 {[%emt 0:00:09]} 6. Nc3 {[%emt 0:00:06]} Nbd7 {[%emt 0:00:16]} 7. e4 {[%emt 0:00:16]} g6 {[%emt 0:01:00]} 8. Nf3 {[%emt 0:00:22]} Rb8 {[%emt 0:00:48]} 9. Nd2 {[%emt 0:01:36]} Nxb6 {[%emt 0:04:18]} 10. Be2 {[%emt 0:02:58]} Bg7 {[%emt 0:00:27]} 11. a4 {[%emt 0:00:47]} O-O {[%emt 0:04:36]} 12. O-O {[%emt 0:01:45]} a5 {[%emt 0:16:57]} 13. Qc2 {[%emt 0:16:00]} e6 {[%emt 0:03:23]} 14. dxe6 {[%emt 0:05:52]} Bxe6 {[%emt 0:00:25]} 15. Nb5 {[%emt 0:03:22]} Qe7 {[%emt 0:01:53]} 16. Nf3 {[%emt 0:15:20]} Bd7 {[%emt 0:12:14]} 17. Nxd6 {[%emt 0:21:35]} Qxd6 {[%emt 0:01:49]} 18. e5 {[%emt 0:00:05]} Qc7 {[%emt 0:02:11]} 19. exf6 {[%emt 0:00:07]} Bxf6 {[%emt 0:00:05]} 20. Be3 {[%emt 0:00:30]} Nxa4 {[%emt 0:05:46]} 21. Rfb1 {[%emt 0:09:33]} Rxb2 {[%emt 0:10:41]} 22. Rxb2 {[%emt 0:00:07]} Nxb2 {[%emt 0:00:04]} 23. Qxc5 {[%emt 0:12:44]} Qxc5 {[%emt 0:01:44]} 24. Bxc5 {[%emt 0:00:01]} Re8 {[%emt 0:03:55]} 25. Kf1 {[%emt 0:01:36]} Rxe2 {[%emt 0:05:03]} 26. Rxa5 {[%emt 0:01:50]} Re8 {[%emt 0:00:32]} 27. h3 {[%emt 0:00:30]} Nc4 {[%emt 0:01:20]} 28. Ra7 {[%emt 0:00:16]} Bc6 {[%emt 0:01:32]} 29. Bb4 {[%emt 0:02:21]} Bxf3 {[%emt 0:01:04]} 30. gxf3 {[%emt 0:00:01]} Ne5 {[%emt 0:00:31]} 31. Ra6 {[%emt 0:00:13]} Be7 {[%emt 0:01:17]} 0-1

[Event "Chinese Chess League 2019"]
[Site "Shen Yang"]
[Date "2019.12.07"]
[Round "22.26"]
[White "Zeng, Chongsheng"]
[Black "Jakovenko, Dmitry"]
[Result "1-0"]
[WhiteElo "2544"]
[BlackElo "2691"]
[Annotator "TA"]
[PlyCount "75"]
[EventDate "2019.04.09"]
[EventType "team-tourn"]
[EventCountry "CHN"]
[SourceTitle "playchess.com"]
[Source "ChessBase"]
[SourceQuality "1"]

{[%evp 9,75,0,4,-4,-2,-8,0,0,9,-12,0,-8,8,0,0,4,30,37,24,23,38,33,47,40,39,39,73,43,79,89,89,77,89,64,111,86,132,125,247,252,257,250,243,246,247,231,208,200,411,348,407,414,439,429,406,406,439,157,439,439,439,439,447,439,406,399,439,439]} 1. c4 e5 2. Nc3 Nf6 3. Nf3 Nc6 4. d3 Bb4 5. Bd2 O-O 6. a3 {A28: English Opening: Four Knights Variation} (6. e3 Re8 7. Be2 d5 8. cxd5 Nxd5 9. O-O Nb6 10. a3 Bf8 11. b4 Bf5 12. Qc2 Qd7 13. Rfd1 Rad8 14. Ne4 Nd5 15. b5 {1-0 (38) Kramnik,V (2792)-Vachier Lagrave,M (2789) Paris 2018}) 6... Bxc3 7. Bxc3 Re8 8. e4 {The position is equal.} d6 9. h3 Ne7 10. g3 Bd7 $146 ({Predecessor:} 10... Ng6 11. Bg2 c5 12. Bd2 Bd7 13. O-O Rf8 {0-1 (50) Ejsing,E (2154)-Sobjerg,E (2242) Denmark 2018}) 11. Bg2 b5 12. c5 Ng6 13. cxd6 cxd6 14. O-O Bc6 15. Rc1 Qd7 16. Nd2 a5 17. Re1 h5 18. d4 h4 {[#]} 19. d5 $1 {[%cal Rd5c6]} Bb7 20. Nb3 a4 21. Na5 Bc8 {White should prevent ...hxg3.} 22. Nc6 Nh7 23. Bd2 f5 {[#]} (23... Qb7 $16 {was called for.} 24. Bb4 Qd7) 24. exf5 $1 $18 Qxf5 25. Be4 Qf7 26. Qh5 Ngf8 27. Qxf7+ Kxf7 28. g4 Ng6 $2 (28... Nf6 {is a better defense.} 29. Bb4 Ng6 30. Bxd6 Nxe4 31. Rxe4 Bb7 32. Nxe5+ Kg8) 29. f4 Nf6 30. Bxg6+ $1 Kxg6 31. fxe5 dxe5 32. Rxe5 Rxe5 33. Nxe5+ Kh7 34. d6 Be6 35. Rc7 Rd8 36. Bg5 $1 {[%csl LRf6,LRh4] aiming for Bxf6.} Kg8 37. d7 Kf8 38. Bxh4 {Accuracy: White = 68%, Black = 34%.} 1-0

[Event "Chinese Chess League 2019"]
[Site "Shen Yang"]
[Date "2019.12.07"]
[Round "22.27"]
[White "Zhou, Weiqi"]
[Black "Bai, Jinshi"]
[Result "1/2-1/2"]
[WhiteElo "2587"]
[BlackElo "2600"]
[Annotator "ChessBase"]
[PlyCount "60"]
[EventDate "2019.04.09"]
[EventType "team-tourn"]
[EventCountry "CHN"]
[SourceTitle "playchess.com"]
[Source "ChessBase"]
[SourceQuality "1"]
[TimeControl "5400+30"]

1. d4 {[%emt 0:00:00]} Nf6 {[%emt 0:00:43]} 2. Nf3 {[%emt 0:00:42]} d5 {[%emt 0:01:20]} 3. c4 {[%emt 0:04:33]} c6 {[%emt 0:02:21]} 4. e3 {[%emt 0:00:10]} g6 {[%emt 0:05:20]} 5. Nc3 {[%emt 0:01:24]} Bg7 {[%emt 0:00:06]} 6. Bd3 {[%emt 0:01:11]} O-O {[%emt 0:00:08]} 7. O-O {[%emt 0:00:06]} Bg4 {[%emt 0:02:39]} 8. h3 {[%emt 0:01:44]} Bxf3 {[%emt 0:00:06]} 9. Qxf3 {[%emt 0:00:04]} e6 {[%emt 0:00:08]} 10. Rd1 {[%emt 0:05:17]} Nbd7 {[%emt 0:00:52]} 11. Qe2 {[%emt 0:02:21]} Re8 {[%emt 0:01:44]} 12. Bd2 {[%emt 0:03:55]} a6 {[%emt 0:05:08]} 13. Be1 {[%emt 0:01:41]} Rc8 {[%emt 0:01:11]} 14. Rac1 {[%emt 0:01:27]} Qe7 {[%emt 0:09:49]} 15. b3 {[%emt 0:01:42]} h5 {[%emt 0:06:16]} 16. e4 {[%emt 0:02:43]} dxe4 {[%emt 0:03:59]} 17. Nxe4 {[%emt 0:00:59]} Nxe4 {[%emt 0:00:10]} 18. Bxe4 {[%emt 0:00:12]} Nf6 {[%emt 0:01:43]} 19. Bf3 {[%emt 0:02:00]} e5 {[%emt 0:13:17]} 20. dxe5 {[%emt 0:00:39]} Qxe5 {[%emt 0:00:06]} 21. Qxe5 {[%emt 0:00:11]} Rxe5 {[%emt 0:00:05]} 22. Bc3 {[%emt 0:00:41]} Re6 {[%emt 0:02:07]} 23. Re1 {[%emt 0:00:39]} Rce8 {[%emt 0:01:42]} 24. Kf1 {[%emt 0:00:31]} Ne4 {[%emt 0:00:34]} 25. Rxe4 {[%emt 0:00:19]} Rxe4 {[%emt 0:00:05]} 26. Bxe4 {[%emt 0:00:28]} Rxe4 {[%emt 0:00:07]} 27. Re1 {[%emt 0:00:27]} Rxe1+ {[%emt 0:00:07]} 28. Bxe1 {[%emt 0:00:04]} f5 {[%emt 0:00:05]} 29. Ke2 {[%emt 0:00:06]} Kf7 {[%emt 0:00:10]} 30. f3 {[%emt 0:00:09]} Ke6 {[%emt 0:00:07]} 1/2-1/2

[Event "Chinese Chess League 2019"]
[Site "Shen Yang"]
[Date "2019.12.07"]
[Round "22.28"]
[White "Andreikin, Dmitry"]
[Black "Ma, Qun"]
[Result "1/2-1/2"]
[WhiteElo "2733"]
[BlackElo "2629"]
[Annotator "TA"]
[PlyCount "111"]
[EventDate "2019.04.09"]
[EventType "team-tourn"]
[EventCountry "CHN"]
[SourceTitle "playchess.com"]
[Source "ChessBase"]
[SourceQuality "1"]

{[%evp 18,111,16,10,31,8,6,18,25,20,16,24,23,28,25,31,27,32,47,33,63,53,53,53,54,53,53,49,64,63,68,77,93,72,69,61,99,90,110,65,72,56,68,46,46,46,46,46,65,65,65,46,65,65,65,65,65,65,65,37,65,65,65,37,37,36,65,58,65,65,65,65,129,81,67,0,0,0,0,0,0,0,0,0,0,0,0,0,0,0,0,0,0,0,0,0]} 1. e4 e5 2. Nf3 Nc6 3. Bb5 Nf6 4. O-O Nxe4 5. d4 Nd6 6. Bxc6 dxc6 7. dxe5 Nf5 8. Qxd8+ Kxd8 9. Rd1+ Ke8 10. Nc3 b6 {C67: Ruy Lopez: Berlin Defence: 4 0-0 Nxe4} (10... Be7 11. Ne2 Nh4 12. Nxh4 Bxh4 13. Nd4 a6 14. Bf4 c5 15. Ne2 Bf5 16. c4 Rd8 17. Nc3 Rd7 18. Be3 b6 {½-½ (41) Vachier Lagrave,M (2779)-Aronian,L (2767) Saint Louis 2018}) 11. a4 a5 12. Bf4 Be6 $146 ({Predecessor:} 12... Be7 13. h3 h5 14. Ne2 Ra7 15. Rd2 c5 16. Nc3 c6 17. Ne4 {½-½ (47) Cesetti,C (2593)-Olofsson,D (2564) ICCF email 2012}) 13. Ng5 Be7 14. Nxe6 fxe6 15. g4 Nh4 16. Bg3 h5 17. h3 hxg4 18. hxg4 g5 19. Rd3 Ng6 20. Rad1 Rd8 21. Rxd8+ Bxd8 22. Kg2 Be7 23. Ne4 c5 24. Kf3 Nf8 25. Nf6+ Kf7 26. Ke4 Rh6 27. b3 Rh8 28. Nh5 Ng6 29. Rd7 Rc8 $1 30. f3 Nf8 31. Rd3 Rd8 32. Nf6 Ng6 33. Rxd8 Bxd8 $14 {[%mdl 4096] Endgame KBN-KBN} 34. Nh5 Be7 35. Bf2 Nf8 36. Ng3 Nd7 37. Ne2 Nb8 38. Be1 Nc6 39. Bc3 Bf8 40. Ng1 Be7 41. Nh3 Nb8 42. Nf2 Nd7 43. Kd3 Bf8 44. Ne4 Kg6 ({Better is} 44... Be7 $14) 45. Kc4 c6 46. Nf6 (46. Nd6 $14) 46... Nxf6 $11 {The position is equal.} 47. exf6 {[#] aiming for Be5. KB-KB} Bd6 48. Kd3 {Black should prevent Ke4.} e5 49. Bd2 {And now f7! would win.} Kxf6 50. Ke4 Be7 51. Bc3 Bd6 52. Bd2 Be7 53. Be3 Ke6 54. Bf2 Bd8 55. Bg3 Bc7 56. c4 {Accuracy: White = 59%, Black = 72%.} 1/2-1/2

[Event "Chinese Chess League 2019"]
[Site "Shen Yang"]
[Date "2019.12.07"]
[Round "22.29"]
[White "Girya, Olga"]
[Black "Tan, Zhongyi"]
[Result "1-0"]
[WhiteElo "2476"]
[BlackElo "2504"]
[Annotator "ChessBase"]
[PlyCount "113"]
[EventDate "2019.04.09"]
[EventType "team-tourn"]
[EventCountry "CHN"]
[SourceTitle "playchess.com"]
[Source "ChessBase"]
[SourceQuality "1"]
[TimeControl "5400+30"]

1. d4 {[%emt 0:00:00]} Nf6 {[%emt 0:00:00]} 2. c4 {[%emt 0:00:00]} e6 {[%emt 0:00:00]} 3. Nf3 {[%emt 0:00:00]} b6 {[%emt 0:00:00]} 4. g3 {[%emt 0:00:00]} Bb7 {[%emt 0:00:00]} 5. Bg2 {[%emt 0:00:00]} g6 {[%emt 0:00:10]} 6. O-O {[%emt 0:07:03]} Bg7 {[%emt 0:00:06]} 7. Qc2 {[%emt 0:00:18]} O-O {[%emt 0:00:29]} 8. Nc3 {[%emt 0:00:29]} d5 {[%emt 0:00:06]} 9. cxd5 {[%emt 0:03:11]} exd5 {[%emt 0:00:06]} 10. Bg5 {[%emt 0:01:17]} Na6 {[%emt 0:07:27]} 11. Ne5 {[%emt 0:04:00]} h6 {[%emt 0:09:21]} 12. Bxf6 {[%emt 0:00:37]} Bxf6 {[%emt 0:00:06]} 13. Rad1 {[%emt 0:06:45]} Re8 {[%emt 0:05:25]} 14. f4 {[%emt 0:08:04]} c5 {[%emt 0:03:13]} 15. dxc5 {[%emt 0:07:55]} Bxe5 {[%emt 0:01:35]} 16. fxe5 {[%emt 0:03:56]} Rxe5 {[%emt 0:01:07]} 17. Ne4 {[%emt 0:15:56]} bxc5 {[%emt 0:01:16]} 18. Nf6+ {[%emt 0:00:05]} Kg7 {[%emt 0:02:08]} 19. Nxd5 {[%emt 0:02:12]} Bxd5 {[%emt 0:18:44]} 20. Qc3 {[%emt 0:01:05]} f6 {[%emt 0:07:32]} 21. Bxd5 {[%emt 0:00:25]} Rxd5 {[%emt 0:02:29]} 22. Rxd5 {[%emt 0:00:06]} Qxd5 {[%emt 0:00:04]} 23. Qxf6+ {[%emt 0:00:04]} Kh7 {[%emt 0:00:06]} 24. Qxa6 {[%emt 0:00:14]} Rb8 {[%emt 0:09:01]} 25. b3 {[%emt 0:01:45]} Rb7 {[%emt 0:04:11]} 26. Rf4 {[%emt 0:03:09]} Qd1+ {[%emt 0:02:31]} 27. Rf1 {[%emt 0:06:07]} Qd4+ {[%emt 0:00:12]} 28. Kg2 {[%emt 0:00:07]} Qe4+ {[%emt 0:00:15]} 29. Rf3 {[%emt 0:01:05]} Re7 {[%emt 0:00:55]} 30. Kg1 {[%emt 0:08:13]} Qd4+ {[%emt 0:00:49]} 31. e3 {[%emt 0:02:16]} Rxe3 {[%emt 0:08:31]} 32. Rf7+ {[%emt 0:00:11]} Kh8 {[%emt 0:00:04]} 33. Qf6+ {[%emt 0:00:04]} Qxf6 {[%emt 0:00:04]} 34. Rxf6 {[%emt 0:00:03]} c4 {[%emt 0:04:23]} 35. bxc4 {[%emt 0:01:18]} Ra3 {[%emt 0:00:07]} 36. Rxg6 {[%emt 0:05:29]} Kh7 {[%emt 0:00:03]} 37. Rf6 {[%emt 0:00:27]} Rxa2 {[%emt 0:00:10]} 38. Rf2 {[%emt 0:00:12]} Ra6 {[%emt 0:00:41]} 39. Kf1 {[%emt 0:02:51]} Rc6 {[%emt 0:03:42]} 40. Rf4 {[%emt 0:03:11]} Ra6 {[%emt 0:00:35]} 41. Ke2 {[%emt 0:02:05]} Ra2+ {[%emt 0:00:05]} 42. Kd3 {[%emt 0:00:05]} Rxh2 {[%emt 0:00:24]} 43. c5 {[%emt 0:00:03]} Rg2 {[%emt 0:00:57]} 44. Rf3 {[%emt 0:02:31]} Rb2 {[%emt 0:02:30]} 45. Kc4 {[%emt 0:00:57]} Kg6 {[%emt 0:03:01]} 46. c6 {[%emt 0:00:08]} Rb8 {[%emt 0:00:10]} 47. Kc5 {[%emt 0:00:23]} Rc8 {[%emt 0:01:27]} 48. Kd6 {[%emt 0:00:45]} Rd8+ {[%emt 0:00:18]} 49. Ke7 {[%emt 0:01:50]} Rd2 {[%emt 0:00:07]} 50. c7 {[%emt 0:00:33]} Rc2 {[%emt 0:00:24]} 51. Kd7 {[%emt 0:00:04]} Rd2+ {[%emt 0:00:12]} 52. Kc6 {[%emt 0:00:04]} Rc2+ {[%emt 0:00:15]} 53. Kb7 {[%emt 0:00:04]} Rb2+ {[%emt 0:01:22]} 54. Kxa7 {[%emt 0:00:06]} Rc2 {[%emt 0:00:09]} 55. Kb7 {[%emt 0:00:04]} Rb2+ {[%emt 0:00:06]} 56. Kc8 {[%emt 0:00:08]} Kg5 {[%emt 0:00:20]} 57. Rd3 {[%emt 0:00:11]} 1-0

[Event "Chinese Chess League 2019"]
[Site "Shen Yang"]
[Date "2019.12.07"]
[Round "22.30"]
[White "Li, Ruofan"]
[Black "Lei, Tingjie"]
[Result "0-1"]
[WhiteElo "2335"]
[BlackElo "2485"]
[Annotator "ChessBase"]
[PlyCount "114"]
[EventDate "2019.04.09"]
[EventType "team-tourn"]
[EventCountry "CHN"]
[SourceTitle "playchess.com"]
[Source "ChessBase"]
[SourceQuality "1"]
[TimeControl "5400+30"]

1. c4 {[%emt 0:00:00]} Nf6 {[%emt 0:05:23]} 2. Nc3 {[%emt 0:00:00]} g6 {[%emt 0:01:32]} 3. e4 {[%emt 0:03:48]} e5 {[%emt 0:00:05]} 4. Nf3 {[%emt 0:02:50]} Bg7 {[%emt 0:01:19]} 5. Nxe5 {[%emt 0:03:46]} Qe7 {[%emt 0:11:08]} 6. d4 {[%emt 0:00:58]} d6 {[%emt 0:05:54]} 7. Nf3 {[%emt 0:00:18]} Nxe4 {[%emt 0:01:57]} 8. Nd5 {[%emt 0:07:09]} Qd8 {[%emt 0:00:09]} 9. Bd3 {[%emt 0:00:04]} f5 {[%emt 0:05:19]} 10. O-O {[%emt 0:06:49]} O-O {[%emt 0:00:03]} 11. Re1 {[%emt 0:01:46]} c6 {[%emt 0:08:23]} 12. Bxe4 {[%emt 0:06:16]} fxe4 {[%emt 0:00:45]} 13. Bg5 {[%emt 0:00:07]} Qa5 {[%emt 0:04:15]} 14. Ne7+ {[%emt 0:06:38]} Kh8 {[%emt 0:00:05]} 15. Rxe4 {[%emt 0:00:04]} Na6 {[%emt 0:09:34]} 16. Nxc8 {[%emt 0:05:33]} Raxc8 {[%emt 0:01:54]} 17. Qd2 {[%emt 0:09:05]} Qxd2 {[%emt 0:04:05]} 18. Bxd2 {[%emt 0:00:21]} Nc7 {[%emt 0:02:50]} 19. Re7 {[%emt 0:06:51]} Bf6 {[%emt 0:02:27]} 20. Rd7 {[%emt 0:00:41]} Rfd8 {[%emt 0:00:29]} 21. Rxd8+ {[%emt 0:00:46]} Rxd8 {[%emt 0:00:04]} 22. Bg5 {[%emt 0:03:57]} Kg7 {[%emt 0:00:13]} 23. h4 {[%emt 0:02:21]} d5 {[%emt 0:09:14]} 24. b3 {[%emt 0:07:52]} h6 {[%emt 0:03:53]} 25. Bxf6+ {[%emt 0:06:25]} Kxf6 {[%emt 0:00:03]} 26. g3 {[%emt 0:00:08]} Ne6 {[%emt 0:00:38]} 27. c5 {[%emt 0:03:10]} g5 {[%emt 0:05:06]} 28. Rd1 {[%emt 0:01:02]} b6 {[%emt 0:03:09]} 29. cxb6 {[%emt 0:01:42]} axb6 {[%emt 0:01:54]} 30. Kg2 {[%emt 0:00:14]} c5 {[%emt 0:02:23]} 31. hxg5+ {[%emt 0:07:12]} hxg5 {[%emt 0:00:04]} 32. dxc5 {[%emt 0:00:04]} bxc5 {[%emt 0:00:03]} 33. Ne1 {[%emt 0:01:00]} Ke5 {[%emt 0:04:46]} 34. Nd3+ {[%emt 0:00:15]} Kd6 {[%emt 0:00:04]} 35. Kh3 {[%emt 0:01:25]} Ra8 {[%emt 0:01:36]} 36. Rd2 {[%emt 0:01:38]} Nd4 {[%emt 0:00:38]} 37. Kg4 {[%emt 0:01:55]} c4 {[%emt 0:00:45]} 38. Nc1 {[%emt 0:01:10]} Nc6 {[%emt 0:04:20]} 39. Kxg5 {[%emt 0:03:01]} c3 {[%emt 0:00:02]} 40. Rc2 {[%emt 0:00:44]} d4 {[%emt 0:00:13]} 41. Nd3 {[%emt 0:00:37]} Ne5 {[%emt 0:00:22]} 42. Ne1 {[%emt 0:00:02]} Kd5 {[%emt 0:02:53]} 43. f4 {[%emt 0:00:10]} Nc6 {[%emt 0:00:03]} 44. Nd3 {[%emt 0:00:56]} Rg8+ {[%emt 0:00:17]} 45. Kh4 {[%emt 0:00:21]} Ke4 {[%emt 0:00:03]} 46. Nc5+ {[%emt 0:01:03]} Kf5 {[%emt 0:01:13]} 47. Kh3 {[%emt 0:00:33]} Nb4 {[%emt 0:00:03]} 48. Rc1 {[%emt 0:00:40]} Rc8 {[%emt 0:00:44]} 49. Nb7 {[%emt 0:00:29]} Rh8+ {[%emt 0:00:03]} 50. Kg2 {[%emt 0:00:04]} Nxa2 {[%emt 0:00:04]} 51. Re1 {[%emt 0:00:46]} c2 {[%emt 0:00:07]} 52. Nd6+ {[%emt 0:00:04]} Kf6 {[%emt 0:00:57]} 53. Ne4+ {[%emt 0:01:08]} Kg7 {[%emt 0:00:07]} 54. Nc5 {[%emt 0:00:29]} c1=Q {[%emt 0:00:06]} 55. Ne6+ {[%emt 0:00:04]} Kf6 {[%emt 0:00:11]} 56. Rxc1 {[%emt 0:00:06]} Nxc1 {[%emt 0:00:02]} 57. Nxd4 {[%emt 0:00:04]} Rd8 {[%emt 0:00:35]} 0-1